All Top 10 Players in the 21st Century - Statistics

General Stats
  • This quiz has been taken 38 times
  • The average score is 51 of 97
Answer Stats
Country Weeks Player % Correct
Serbia 871* Novak Djokovic
100%
Spain 912 Rafael Nadal
100%
Switzerland 968 Roger Federer
100%
United Kingdom 494 Andy Murray
97%
Germany 326* Alexander Zverev
93%
Russia 261* Daniil Medvedev
93%
Italy 114* Jannik Sinner
93%
USA 747 Andre Agassi
90%
USA 586 Pete Sampras
90%
Switzerland 267* Stan Wawrinka
90%
USA 440 Andy Roddick
86%
Norway 157* Casper Ruud
83%
France 96* Gaël Monfils
83%
Croatia 191* Marin Čilić
83%
Greece 245* Stefanos Tsitsipas
83%
Czech Republic 369 Tomáš Berdych
83%
Spain 141* Carlos Alcaraz
79%
Austria 260 Dominic Thiem
79%
France 260 Jo-Wilfried Tsonga
79%
Japan 212* Kei Nishikori
79%
Australia 277 Lleyton Hewitt
79%
Russia 202 Marat Safin
79%
Russia 218* Andrey Rublev
76%
Spain 358 David Ferrer
76%
USA 83 John Isner
76%
Argentina 300 Juan Martín del Potro
76%
Canada 70* Félix Auger-Aliassime
72%
Bulgaria 121* Grigor Dimitrov
72%
Italy 116* Matteo Berrettini
72%
USA 86* Taylor Fritz
72%
Denmark 68* Holger Rune
69%
Spain 175 Juan Carlos Ferrero
69%
Canada 151* Milos Raonic
69%
Australia 34* Alex de Minaur
66%
Canada 10* Denis Shapovalov
66%
Brazil 175 Gustavo Kuerten
66%
Poland 88* Hubert Hurkacz
66%
South Africa 75 Kevin Anderson
66%
USA 12* Frances Tiafoe
62%
Spain 31* Roberto Bautista Agut
62%
Spain 254 Carlos Moyà
59%
France 146 Richard Gasquet
59%
Sweden 108 Robin Söderling
59%
United Kingdom 11* Cameron Norrie
55%
Argentina 35 Diego Schwartzman
55%
Italy 9* Fabio Fognini
55%
Spain 104 Fernando Verdasco
55%
Russia 22* Karen Khachanov
55%
Russia 268 Nikolay Davydenko
55%
Spain 17* Pablo Carreño Busta
55%
USA 2* Tommy Paul
55%
Russia 390 Yevgeny Kafelnikov
55%
Belgium 58* David Goffin
52%
Argentina 232 David Nalbandian
52%
Germany 83 Tommy Haas
52%
Argentina 145 Guillermo Coria
48%
France 56 Gilles Simon
45%
Latvia 4 Ernests Gulbis
41%
Chile 89 Fernando González
41%
Chile 171 Marcelo Ríos
41%
USA 56 Mardy Fish
41%
Australia 29 Mark Philippoussis
41%
Australia 157 Patrick Rafter
41%
United Kingdom 243 Tim Henman
41%
Argentina 84 Gastón Gaudio
38%
Croatia 84 Ivan Ljubičić
38%
Cyprus 13 Marcos Baghdatis
38%
USA 19 Jack Sock
34%
Spain 85 Tommy Robredo
34%
USA 131 James Blake
31%
Serbia 79 Janko Tipsarević
31%
France 2* Lucas Pouille
31%
Spain 22 Nicolás Almagro
31%
Netherlands 173 Richard Krajicek
31%
Spain 156 Àlex Corretja
28%
Sweden 5 Joachim Johansson
28%
Argentina 15 Mariano Puerta
28%
France 111 Sébastien Grosjean
28%
Sweden 29 Thomas Johansson
28%
Sweden 71 Magnus Norman
24%
Croatia 25 Mario Ančić
24%
Austria 17 Jürgen Melzer
21%
Russia 26 Mikhail Youzhny
21%
Spain 50 Albert Costa
17%
Czech Republic 12 Radek Štěpánek
17%
Sweden 157 Thomas Enqvist
17%
France 41 Cédric Pioline
14%
Czech Republic 42 Jiří Novák
14%
Argentina 8 Juan Mónaco
14%
Germany 34 Nicolas Kiefer
14%
Chile 2 Nicolás Massú
14%
Thailand 15 Paradorn Srichaphan
14%
France 2 Arnaud Clément
10%
Argentina 14 Guillermo Cañas
10%
Ecuador 32 Nicolás Lapentti
10%
Germany 61 Rainer Schüttler
7%
USA 89 Todd Martin
3%
No matching quizzes found
Score Distribution
Percent of People with Each Score
Percentile by Number Answered
Your Score History
You have not taken this quiz